000 00400nam a22001577a 4500
005 20160611121335.0
008 160611b xxu||||| |||| 00| 0 eng d
041 _aeng
082 _b6896
100 _aDesai, Vasant
_9362
245 _aSmall Scale Industries and Entrepreneurship
260 _aMumbai
_bHimalaya Publishing House
_c1994
300 _a608
650 _aManagement
_9241
942 _cBK
999 _c2400
_d2399